Načítá se...

Law as fact

Podrobná bibliografie
Hlavní autor: Olivecrona, Karl
Médium: Printed Book
Jazyk:English
Vydáno: London Humphrey Milford 1939
Témata:
Law
LEADER 00462cam a2200157 4500
003 OSt
008 721219s1971 enk b 001 0 eng
080 0 0 |a 340.12  |b OLI 
100 1 |a Olivecrona, Karl  |9 15015 
245 1 0 |a Law as fact 
260 |a London  |b Humphrey Milford  |c 1939 
300 |a 222p. 
650 0 |a Law  |9 15016 
942 |c BK  |6 _ 
999 |c 194323  |d 194323 
952 |0 0  |1 0  |4 0  |6 34012_OLI  |7 0  |9 250015  |a SLS  |b SLS  |d 2010-05-27  |o 340.12 OLI  |p SLS002294  |r 2010-05-27  |t 1  |w 2010-05-27  |y BK